CLINICAL METHODS AND INTERPRETAION IN MEDICINE (Record no. 216882)

MARC details
000 -LEADER
fixed length control field 00504nam a22001577a 4500
008 - FIXED-LENGTH DATA ELEMENTS--GENERAL INFORMATION
fixed length control field 260327b |||||||| |||| 00| 0 eng d
020 ## - INTERNATIONAL STANDARD BOOK NUMBER
International Standard Book Number 978-93-5152-628-5
050 ## - LIBRARY OF CONGRESS CALL NUMBER
Classification number RC 71.S 24 2015
100 ## - MAIN ENTRY--PERSONAL NAME
Personal name SUBHAS CHANDRA HAZRA
245 ## - TITLE STATEMENT
Title CLINICAL METHODS AND INTERPRETAION IN MEDICINE
260 ## - PUBLICATION, DISTRIBUTION, ETC.
Place of publication, distribution, etc. INDIA
Name of publisher, distributor, etc. JAYPEE BROTHERS PUBLISHERS
Date of publication, distribution, etc. 2015
300 ## - PHYSICAL DESCRIPTION
Extent X,1500
650 ## - SUBJECT ADDED ENTRY
Topical term or geographic name entry element Clinical medicine textbooks-Diagnosis -textbooks-Physical examination textbooks
942 ## - ADDED ENTRY ELEMENTS (KOHA)
Source of classification or shelving scheme Library of Congress Classification
Koha item type Long Loan Book
Holdings
Withdrawn status Lost status Source of classification or shelving scheme Damaged status Not for loan Collection Home library Current library Shelving location Date acquired Inventory number Total checkouts Full call number Barcode Date last seen Copy number Price effective from Koha item type Date last checked out
    Library of Congress Classification     Medicine Kisii University Library Kisii University Library On Display 03/27/2026 112610   RC 71.S 24 2015 A000018 03/27/2026 C.1 03/27/2026 Long Loan Book  
    Library of Congress Classification     Medicine Kisii University Library Kisii University Library On Display 03/27/2026 112611   RC 71.S 24 2015 A000017 03/27/2026 C.2 03/27/2026 Long Loan Book  
    Library of Congress Classification     Medicine Kisii University Library Kisii University Library On Display 03/27/2026 112612   RC 71.S 24 2015 A000016 03/27/2026 C.3 03/27/2026 Long Loan Book  
    Library of Congress Classification     Medicine Kisii University Library Kisii University Library On Display 03/27/2026 112613 1 RC 71.S 24 2015 A000015 04/17/2026 C.4 03/27/2026 Long Loan Book 04/07/2026